Champion de france cyclisme depuis 1998 - Statistiques

Statistiques générales
  • Ce quiz a été pris 139 fois
  • Le résultat moyen est 13 sur 27
Statistiques - réponses
Hint Réponse % Correct
2020 Démare
83%
2017 Démare
83%
2014 Démare
83%
2010 Voeckler
82%
2004 Voeckler
82%
2023 Madouas
81%
2024 Lapeira
77%
2019 Barguil
71%
1998 Jalabert
69%
2012 Bouhanni
60%
2011 Chavanel
53%
2021 Cavagna
49%
2022 Sénéchal
48%
2016 Vichot
48%
2013 Vichot
48%
2018 Roux
38%
2007 Moreau
36%
2005 Fedrigo
31%
2015 Tronet
25%
2003 Rous
23%
2001 Rous
23%
2009 Champion
18%
2008 Vogondy
13%
2002 Vogondy
13%
1999 Simon
9%
2006 Brard
7%
2000 Capelle
5%
Aucun quiz correspondant
Distribution des résultats
% des personnes avec chaque résultat
Percentile par nombre de réponses
Votre historique - résultats
Vous n’avez pas pris ce quiz